000 00647nam a2200217Ia 4500
005 20250508165258.0
008 008 250505s9999 xx 000 0 eng d
020 _a0-8264-4787-2
037 _aTextBook
040 _aFEDL
_beng
_cFEDL
041 _aeng
_2eng
084 _a418.007, BUR/R
_qFEDL
100 _aBurns Anne Ed.
_9776499
245 0 _aCambridge guide to second language teacher education
260 _aNew Delhi, India
_bCambridge University Press
_c2009
300 _aviii, 325p.
365 _aINR
_b450
700 _a Richards Jack C Ed.
_9780376
942 _cTB
_h418.007, BUR/R
999 _c1394205
_d1394205